Still waters / (Запис № 552532)

МАРК-запис
000 -LEADER
fixed length control field 01711cam a2200385Ia 4500
001 - CONTROL NUMBER
control field stillwaters00hoag
003 - CONTROL NUMBER IDENTIFIER
control field CaSfIA
005 - DATE AND TIME OF LATEST TRANSACTION
control field 20210119084526.0
007 - PHYSICAL DESCRIPTION FIXED FIELD--GENERAL INFORMATION
fixed length control field cr||||
008 - FIXED-LENGTH DATA ELEMENTS--GENERAL INFORMATION
fixed length control field 921102s1992 nyu 000 1 eng d
040 ## - CATALOGING SOURCE
Original cataloging agency OCO
Transcribing agency OCO
Modifying agency JBL
-- SLC
-- OCL
-- OCLCQ
-- BAKER
-- BTCTA
-- KZV
-- EM5
-- ABG
-- KN4
-- CaSfIA
019 ## -
-- 53991209
020 ## - INTERNATIONAL STANDARD BOOK NUMBER
International Standard Book Number 0553292722 (pbk.) :
Terms of availability $4.99
020 ## - INTERNATIONAL STANDARD BOOK NUMBER
International Standard Book Number 9780553292725 (pbk.)
035 ## - SYSTEM CONTROL NUMBER
System control number (OCoLC)26898903
Canceled/invalid control number (OCoLC)53991209
043 ## - GEOGRAPHIC AREA CODE
Geographic area code n-us-mn
050 14 - LIBRARY OF CONGRESS CALL NUMBER
Classification number PS3558.O333
Item number S74 1992x
082 04 - DEWEY DECIMAL CLASSIFICATION NUMBER
Classification number 813/.54
Edition number 20
029 1# - (OCLC)
OCLC library identifier NZ1
System control number 2882245
029 1# - (OCLC)
OCLC library identifier AU@
System control number 000009849429
100 1# - MAIN ENTRY--PERSONAL NAME
Personal name Hoag, Tami.
245 10 - TITLE STATEMENT
Title Still waters /
Medium [electronic resource]
Statement of responsibility, etc Tami Hoag.
260 ## - PUBLICATION, DISTRIBUTION, ETC. (IMPRINT)
Place of publication, distribution, etc New York :
Name of publisher, distributor, etc Bantam,
Date of publication, distribution, etc c1992.
300 ## - PHYSICAL DESCRIPTION
Extent 449 p. ;
Dimensions 18 cm.
500 ## - GENERAL NOTE
General note "Bantam fanfare book."
520 ## - SUMMARY, ETC.
Summary, etc Newspaper woman Elizabeth Stuart tries to overlook the snobby attitude of the citizens of Still Creek, but circumstances take a turn for the worse when she becomes a murder suspect.
506 ## - RESTRICTIONS ON ACCESS NOTE
Standardized terminology for access restriction Необхідна авторизація на https://archive.org/ (створення облікового запису безкоштовно)
506 ## - RESTRICTIONS ON ACCESS NOTE
Standardized terminology for access restriction Необхідна авторизація на https://openlibrary.org/ (створення облікового запису безкоштовно)
655 #7 - INDEX TERM--GENRE/FORM
Genre/form data or focus term Romantic suspense fiction.
Source of term gsafd
651 #0 - SUBJECT ADDED ENTRY--GEOGRAPHIC NAME
Geographic name Minnesota
Form subdivision Fiction.
650 #0 - SUBJECT ADDED ENTRY--TOPICAL TERM
Topical term or geographic name as entry element Reporters and reporting
Form subdivision Fiction.
856 41 - ELECTRONIC LOCATION AND ACCESS
Uniform Resource Identifier <a href="http://www.archive.org/details/stillwaters00hoag">http://www.archive.org/details/stillwaters00hoag</a>
Public note Free eBook from the Internet Archive
856 42 - ELECTRONIC LOCATION AND ACCESS
Uniform Resource Identifier <a href="http://www.openlibrary.org/books/OL7825204M">http://www.openlibrary.org/books/OL7825204M</a>
Public note Additional information and access via Open Library
942 ## - ADDED ENTRY ELEMENTS (KOHA)
Koha item type ЕКнига

Немає доступних примірників.